| 000 | 00508nam a2200133Ia 4500 | ||
|---|---|---|---|
| 003 | GCL | ||
| 008 | 140319s9999 xx 000 0 ara d | ||
| 040 |
_aGCL / _cGCL |
||
| 082 | 0 | 4 |
_a221.2 _bم م |
| 245 | 1 | 0 | _aمناهج العرفان فى علوم القران: طبق ما قرر مجلس الازهر الاعلى فى دراسة تخصص الكليات الازهرية |
| 260 |
_a[S.N] : _b2000 للثقافة والنشر |
||
| 300 | _a955 ص | ||
| 490 |
_aالسلسلة الشعرية الثانية _v0 |
||
| 999 |
_c59142 _d59142 |
||